Mobile methods (Record no. 1715289)

MARC details
000 -LEADER
fixed length control field 01090nam a2200205 4500
005 - DATE AND TIME OF LATEST TRANSACTION
control field 20260424144819.0
008 - FIXED-LENGTH DATA ELEMENTS--GENERAL INFORMATION
fixed length control field 260313b |||||||| |||| 00| 0 eng d
020 ## - INTERNATIONAL STANDARD BOOK NUMBER
International Standard Book Number 9780415492416
037 ## - SOURCE OF ACQUISITION
Terms of availability Textual
040 ## - CATALOGING SOURCE
Original cataloging agency RTL
Transcribing agency RTL
084 ## - COLON CLASSIFICATION NUMBER
Assigning agency RTL
Classification number Y:6 Q1
Item number RTL
245 ## - TITLE STATEMENT
Title Mobile methods
260 ## - PUBLICATION, DISTRIBUTION, ETC.
Place of publication, distribution, etc. London
Name of publisher, distributor, etc. Routledge
Date of publication, distribution, etc. 2011
300 ## - PHYSICAL DESCRIPTION
Extent xv, 206 p.
Other physical details Includes bibliographical reference and index
520 ## - SUMMARY, ETC.
Summary, etc. In the twenty-first century, more than ever, everything and everybody seems to be on the move. Global flows of people, goods, food, money, information, services and media images are forming an intensely mobile background to everyday life. Social scientists, too, are on the move, seeking new analytical purchase on these important aspects of the social world by trying to move with, and to be moved by, the fleeting, distributed, multiple, non-causal, sensory, emotional and kinaesthetic.
700 ## - ADDED ENTRY--PERSONAL NAME
Personal name Buscher, Monika
Relator term Editor
9 (RLIN) 1131912
700 ## - ADDED ENTRY--PERSONAL NAME
Personal name Urry, John
Relator term Editor
9 (RLIN) 1131913
700 ## - ADDED ENTRY--PERSONAL NAME
Personal name Witchger, Katian
Relator term Editor
9 (RLIN) 1131914
942 ## - ADDED ENTRY ELEMENTS (KOHA)
Source of classification or shelving scheme Colon Classification (CC)
Suppress in OPAC No
Koha item type Textbook
Classification part Y:6 Q1
Holdings
Withdrawn status Lost status Source of classification or shelving scheme Damaged status Not for loan Home library Current library Date acquired Total Checkouts Full call number Barcode Date last seen Price effective from Koha item type
    Colon Classification (CC)     Ratan Tata Library Ratan Tata Library 2026-03-13   Y:6 Q1 RT1528732 2026-03-13 2026-03-13 Textbook
Copyright @ Delhi University Library System